00385 a2200109 4500001001000000005001700010008004100027245005700068100002900125773010400154999001700258ART_3967220260410162012.0260409a 10aCIADI, supremacía constitucional y "hacerse cargo"1 aBottini Bulit, Alejandro0 tPropuestas para la sociedad, el gobierno y la produccióng- Año 9, Nº 13 (mayo 2006)wREV39547 c32300d32300